Monarchies of Europe - Sudden Death - Statistics

General Stats
  • This quiz has been taken 348 times
  • The average score is 9 of 12
Answers on the Grid
Answers color-coded by a green-red scale on the quiz's grid according to % correct below.
Andorra
Austria
Belgium
Bulgaria
Croatia
Denmark
Finland
Greece
Iceland
Ireland
Liechtenstein
Lithuania
Luxembourg
Malta
Monaco
Netherlands
Norway
Poland
Portugal
San Marino
Spain
Sweden
United Kingdom
Vatican City
 
Answer Stats
Answer % Correct
Frederik X Denmark
83%
Charles III United Kingdom
81%
Philippe Belgium
78%
Felipe VI Spain
77%
Albert II Monaco
75%
Henri Luxembourg
74%
Carl XVI Gustaf Sweden
74%
Harald V Norway
73%
Willem-Alexander Netherlands
72%
Emmanuel & Joan Andorra
70%
Hans-Adam II Liechtenstein
68%
Francis Vatican City
58%
No matching quizzes found
Score Distribution
Percent of People with Each Score
Percentile by Number Answered
Your Score History
You have not taken this quiz